| 000 | 00692nam a2200205 a 4500 | ||
|---|---|---|---|
| 001 | 3753 | ||
| 005 | 20140414131921.0 | ||
| 008 | 061010s19uu xx 00 eng d | ||
| 020 | _a0-590-60276-4 | ||
| 050 |
_aER _bT55 1997 |
||
| 100 | _aBrewster, Patience | ||
| 245 |
_aToo many puppies / _cby Patience Brewster. |
||
| 260 |
_aNew York : _bScholastic, _c1997. |
||
| 300 | _a1 v. p. : ill. ; cm. | ||
| 440 | _aHello Reader!, Level 2 | ||
| 520 | _aA little girl looks forward to keeping all of my Milly's puppies, but when they begin to make big demands on her, she changes her mind about them. | ||
| 650 |
_aDogs _xFiction. |
||
| 650 |
_aAnimals _xInfancy _xFiction. |
||
| 999 |
_c111765 _d111765 |
||